000 00734nam a22002177a 4500
005 20251108172446.0
008 250721s1999 xx 000 0 ara d
082 1 4 _a347/ سعو
100 1 _aأبو السعود، رمضان
245 1 0 _aشرح مقدمة القانون المدني : النظرية العامة للحق /
264 1 _aالإسكندرية :
_bدار المطبوعات الجامعية،
_c1999.
300 _a543ص.
490 0 _aسلسلة المكتبة القانونية
650 1 7 _aالقانون المدني
650 1 7 _aالشركات
650 1 7 _aالملكية
650 1 7 _aالوكالة ( قانون)
650 1 7 _aالقانون الخاص
942 _2ddc
_cBK
999 _c79864
_d79864